| 000 | 00658nam a22002177a 4500 | ||
|---|---|---|---|
| 999 |
_c12935 _d12935 |
||
| 003 | AR-CdUCM | ||
| 008 | 190322b ||||| |||| 00| 0 spa d | ||
| 040 |
_aMUNICIPALIDAD PROVINCIAL DEL CUSCO _cBIBLIOTECA MUNICIPAL DEL CUSCO |
||
| 082 |
_a129.34 / _bD76 |
||
| 100 |
_aDilthey, Wilhelm, _911114 |
||
| 245 | _aVida y poesía / | ||
| 260 |
_aMéxico, D.F : _bFondo de Cultura Económica, _c1945. |
||
| 300 |
_a515 paginas ; _c23 cm. |
||
| 505 | _aContenido :Vida y Poesía. | ||
| 650 |
_aLiteratura _9416 |
||
| 650 |
_aPoeisa y versos _923365 |
||
| 650 |
_aBiografía _922 |
||
| 650 |
_aSiglo XX _98 |
||
| 942 |
_2ddc _cLIBROS |
||
| 945 |
_arum _d2019-04-10 |
||